[Event "AUT-chT2W 9798"]
[Site "Austria"]
[Date "1998.??.??"]
[Round "10"]
[White "Lutz, Richard"]
[Black "Haemmerle, Dietmar"]
[Result "0-1"]
[WhiteElo "2000"]
[BlackElo "1740"]
[PlyCount "68"]
[EventDate "1997.??.??"]
[EventType "team"]
[EventRounds "11"]
[EventCountry "AUT"]
[SourceTitle "EXT 1999"]
[Source "ChessBase"]
[SourceDate "1998.11.16"]
[SourceVersion "1"]
[SourceVersionDate "1998.11.16"]
[SourceQuality "1"]

1. e4 c5 2. Nf3 e6 3. d4 cxd4 4. Nxd4 Nc6 5. Be3 Nf6 6. Nc3 Bb4 7. Nxc6 bxc6 8. Be2 Nxe4 9. Qd4 Nxc3 10. bxc3 Be7 11. 0-0 0-0 12. Rab1 d5 13. f4 Qd6 14. Qa4 Qc7 15. c4 e5 16. f5 d4 17. Bd2 e4 18. f6 Bxf6 19. Rxf6 gxf6 20. Bh6 Bf5 21. Rf1 Qd7 22. Qa5 Bg6 23. h4 Qe6 24. Bxf8 Rxf8 25. h5 d3 26. cxd3 exd3 27. Bf3 Qe3+ 28. Kh1 Be4 29. Re1 Qf2 30. Rxe4 Rb8 31. Qf5 d2 32. Qg4+ Kh8 33. h6 Rg8 34. Re8 Qe1+ 0-1